Los indígenas de las islas Filipinas

Guardat en:
Dades bibliogràfiques
Autor principal: Zamora, Mario D (Autor)
Format: Llibre
Idioma:espanyol
Publicat: Madrid MAPFRE 1992
Matèries:
Etiquetes: Afegir etiqueta
Sense etiquetes, Sigues el primer a etiquetar aquest registre!

MARC

LEADER 00000nam a2200000 a 4500
001 UCX6878
003 CL-VaPUC
008 930827e19920000SP |||||||||||||||||spa|d
082 0 4 |a 959.9  |b ZAM  |2 21 
100 0 |a Zamora, Mario D  |e author  |9 323532 
245 1 4 |a Los indígenas de las islas Filipinas 
300 |a 347 p 
942 |c BK 
945 |d 19930827 00:00:00 
260 |a Madrid  |b MAPFRE  |c 1992 
650 0 |a Historia  |9 255047 
650 7 |a FILIPINOS  |2 CL-VaPUC  |9 323533 
651 0 |a Filipinas  |9 258491 
651 0 |a Estados Unidos  |9 255178 
583 |a last modification  |c 19930827 00:00:00  |k Rodrigo Vera 
999 |c 226819  |d 226817 
952 |0 0  |1 0  |4 0  |6 959_900000000000000_ZAM_1992  |7 0  |8 A  |9 225435  |a BIBHIS  |b BIBHIS  |d 2019-11-15  |i 2941325  |l 1  |o 959.9 ZAM 1992  |p 2941325  |r 2025-01-20  |s 2023-06-22  |w 2019-11-15  |y BK  |k HIS